000 00616nam a2200217Ia 4500
005 20240209112310.0
008 131103s9999 xx 000 0 und d
040 _aLoreto College
041 _aEnglish
082 _a342.973
_bWAR
100 _aWarren,Earl
245 2 _aA republic if you can keep
_cEarl Warren
260 _aNew York
_bA New York Times Co.
_cc 1972
300 _axiii,201 p.
504 _aIncludes bibliographical references
630 _aUnited States - Constitutional Law
650 _aConstitution
651 _aConstitutional and Administrative Law
850 _aLCLIB
942 _cBK
999 _c12410
_d62889